Inwestycje czynnikiem przeksztalcen strukturalnych gospodarki.

Referát prednesený na vedeckej konferencii vo Varšave v r. 1992. Autor hľadá odpoveď na tri otázky o tom, či investície sú faktorom štruktúrnych premien v hospodárstve. Analyzuje priebeh a hlavné determinanty investičných procesov v r. 1989-1991. Formuluje závery dotýkajúce sa činností nevyhnutných...

Ausführliche Beschreibung

Gespeichert in:
Bibliographische Detailangaben
1. Verfasser: Kotowicz, J.
Format: Buchkapitel
Sprache:Polnisch
Schlagworte:
Tags: Tag hinzufügen
Keine Tags, Fügen Sie das erste Tag hinzu!

MARC

LEADER 00000naa a2200000 4500
001 r011312
005 20221125122843.6
041 0 |a pol 
044 |a PL 
245 1 0 |a Inwestycje czynnikiem przeksztalcen strukturalnych gospodarki.  |c J. Kotowicz 
520 |a Referát prednesený na vedeckej konferencii vo Varšave v r. 1992. Autor hľadá odpoveď na tri otázky o tom, či investície sú faktorom štruktúrnych premien v hospodárstve. Analyzuje priebeh a hlavné determinanty investičných procesov v r. 1989-1991. Formuluje závery dotýkajúce sa činností nevyhnutných na prinavrátenie investíciám ich funkcií stimulátora efektívnej výroby. 
610 2 0 |a investície 
610 2 0 |a zmeny štruktúrne 
610 2 0 |a proces investičný 
610 2 0 |a PR 
610 2 0 |a 1989-1991 
610 2 0 |a efektívnosť výroby 
610 2 0 |a konferencie 
610 2 0 |a Varšava 
610 2 0 |a 1992 
100 1 |a Kotowicz, J.